00856 2200241 4500001002100000005001500021035002000036007000300056008004100059020002200100082001200122084001800134100003600152245022500188250001000413260003200423300005700455650002900512700001800541520003100559990001200590990001200602INLIS00000000000160120180220103642 a0010-0218000196ta180220 g 0 ind  a978-979-1254-58-8 a297.139 a297.139 MUH s0 aMUHAMMAD, bin Mathar az-Zahrani1 aSejarah & Perkembangan Pembukuan Hadits-Hadits Nabi SAW :bLengkap dengan Penjelasan Kitab-kitab Rujukan Hadits, Metode Penyusunannya, dan Biografi Ulama Hadits /cMuhammad bin Mathar az-Zahrani; penerjemah, Muhammad Rum acet.4 aJakarta :bDarul Haq,c2017 aviii, 263 hlm. ;c24 cm.-- serial buku DH ke- 215.-- aHADIS. SEJARAH PEMBEKUAN0 aMUHAMMAD, Rum abibliografi: hlm. 257- 263 a16397 a a16397 b